00820cam a2200229 a 45000010009000000050017000090080041000260100017000670200025000840200022001090400013001310500022001441000026001662450123001922500012003152600037003273000028003645000035003925040051004276500068004787300044005461468943520170201152332.0070109s2006 nyu b 001 0 eng  a 2007270818 a9780393927085 (pbk.) a0393927083 (pbk.) aDLCcDLC00aPR51.U5bA73 20061 aArchimedes, Sondra M.10aTeaching with the Norton anthology of English literature :ba guide for instructors /cSondra Archimedes ... [et al.]. a8th ed. aNew York :bW.W. Norton,cc2006. axxiii, 774 p. ;c24 cm. a"Major Authors 8th ed"--Cover. aIncludes bibliographical references and index. 0aEnglish literaturexStudy and teaching (Higher)zUnited States.0 aNorton anthology of English literature.